000 00177 a2200097 4500
020 _a978141693357
041 _aeng
100 _aRandy DeBoer
245 _aOpposites
942 _cK
999 _c26694
_d26694